000 00623nam a22002057a 4500
003 OSt
005 20220827050703.0
008 220827b |||||||| |||| 00| 0 eng d
020 _a978-93-82628-08-8
040 _cSBCL
082 _a158.1
_bKOT-I
100 _aKOTTARAM,SEBIN S
_aKOTTARAM,JOBIN S
245 _aI CAN WIN
_bWAYS TO ACHIEVE MASSIVE SUCCESS IN PERSONAL AND PROFESSIONAL LIFE
250 _a15th
260 _aKOTTAYAM
_bDOLPHIN BOOKS INDIA MEDIA GROUP
_c2018
300 _a258p.
630 _xGENERAL STACK
650 _2PYCHOLOGY
_aAPPLIED PSYCHOLOGY
_vPERSONAL IMPROVEMENT AND ANALYSIS
942 _cBOOK
999 _c134567
_d134567